| 000 | 00954cam a2200301 i 4500 | ||
|---|---|---|---|
| 001 | 768714001 | ||
| 003 | CO-MdFUSB | ||
| 005 | 20230525111101.0 | ||
| 008 | 161115t2005 enk||||f |||| 00| 0 eng d | ||
| 020 | _a0-281-05031-7 | ||
| 040 |
_aCO-MdFUSB _bEspañol _cCO-MdFUSB _dCO-MdFUSB _erda |
||
| 041 |
_aeng _agrc |
||
| 082 |
_223 _a228 _bSM635r |
||
| 100 | 1 |
_aSmalley, Stephen S. _eautor |
|
| 245 | 1 | 4 |
_aThe revelation to John _b : A commentary on the Greek text of the apocalypse _c/ Stephen S. Smalley |
| 264 | 1 |
_aLondon : _bSPCK, _c[2005] |
|
| 264 | 4 | _c© 2005 | |
| 300 |
_a633 páginas _c; 23 cm |
||
| 336 |
_2rdacontent _atexto _btxt |
||
| 337 |
_2rdamedia _asin mediación _bn |
||
| 338 |
_2rdacarrier _avolumen _bnc |
||
| 505 | _aComentario sobre el texto griego de Apocalipsis | ||
| 563 | _aPasta dura | ||
| 630 | 7 |
_aBiblia. _pApocalipsis _xCrítica, interpretación, etc. |
|
| 942 | _cREF | ||
| 945 | _aMag 1104 | ||
| 999 |
_c46860 _d46860 |
||